| 000 | 00860cab a2200241 4500 | ||
|---|---|---|---|
| 001 | WB3038-01 | ||
| 008 | 090401t1994 xxu||||| |||| 00| 0 eng d | ||
| 035 | _a(Sirsi) u66504 | ||
| 041 | _aeng | ||
| 245 | _aArbitrators` panel | ||
| 260 | _c1994 | ||
| 350 | _a0 | ||
| 490 |
_aEstates Times _v(1252) 7 October 1994, 3 |
||
| 490 |
_aEstates Gazette _v(9440) 8 October 1994, 46(2) |
||
| 520 | _aThe Restaurant Property Advisers Society is to form a breakaway panel of arbitrators following the RICS decision to cut its pool of arbitrators and independent experts. | ||
| 650 | _aARBITRATORS | ||
| 650 | _aRESTAURANT PROPERTY ADVISERS SOCIETY | ||
| 650 | _aRESTAURANT SURVEYORS | ||
| 650 | _aRICS | ||
| 690 | _aMANAGEMENT-DISPUTE AVOIDANCE, MANAGEMENT AND RESOLUTION-DISPUTE MANAGEMENT AND RESOLUTION-ARBITRATION | ||
| 942 | _n0 | ||
| 948 | _c04/03/1997 | ||
| 999 |
_c41547 _d41547 |
||